00874 2200301 4500001002100000005001500021035002000036007000300056040001700059100005300076245007600129250001000205300003800215020002200253041000800275082001200283084001800295090001800313264003000331336002100361337003000382338002300412850001000435008004100445700004000486990002300526990002300549INLIS00000000000992820260413090222 a0010-0123000255ta aSBPUPADbind aYeremias Eduward Maria Ade PratamantaePengarang1 aWordPress :bPengenalan & Elemen WordPress /cEditor, Maria Agustina S acet.1 aiv,100 hlm :bilus, ;c14 x 21 cm a978-979-29-1439-907aind a004.678 a004.678 WOR e a004 SUG i 1-3 aYogyakarta :bAndi,c2010 2rdacontentaTeks 2rdamediaatanpa perantara 2rdacarrieravolume aPUPAD260413 0  aEditor, Maria Agustina SePengarang a28.464./P/DPK?2018 a28.463./P/DPK/2018